Le Vere Regioni d'Italia - Quiz - Statistics

Statistiche generali
  • Questo quiz è stato fatto 56 volte
  • Il punteggio medio è 18 su 19
Risposte nella Mappa
Le risposte nella mappa del quiz sottostante sono codificate secondo una scala di colori dal rosso al verde in base alla % di persone che hanno risposto correttamente.
 
Statistiche sulle risposte
Capitale Regione % Corretto
Milano Lombardia
100%
Roma Lazio
96%
Palermo Sicilia
96%
Aosta Valle d'Aosta
96%
Potenza Basilicata
94%
Bologna Emilia-Romagna
94%
Cagliari Sardegna
94%
Firenze Toscana
94%
L'Aquila Abruzzo
91%
Napoli Campania
91%
Genova Liguria
91%
Ancona Marche
91%
Bari Puglia
91%
Venezia Veneto
91%
Catanzaro Calabria
89%
Torino Piemonte
89%
Trento Trentino-Alto Adige
89%
Trieste Friuli-Venezia Giulia
87%
Perugia Umbria
87%
Nessun quiz corrispondente trovato
Distribuzione punteggi
Percentuale di utenti per punteggio
Percentile per numero di risposta
I tuoi punteggi nel tempo
Non hai fatto questo quiz